Sự khắc hợp giữa thuốc và thức ăn

Uloženo v:
Podrobná bibliografie
Hlavní autor:  Hải Ngọc
Médium: Sách
Jazyk:Undetermined
Vydáno:  Nxb. Hà Nội  2008
Témata:
Tagy: Přidat tag
Žádné tagy, Buďte první, kdo otaguje tento záznam!
Thư viện lưu trữ: Trung tâm Thư viện - Trường Đại học Công nghiệp TP. Hồ Chí Minh
LEADER 00493nam a2200157Ia 4500
001 UIH_05896
008 231011s9999 xx 000 0 und d
082 |a  615.704 
100 |a  Hải Ngọc 
245 0 |a  Sự khắc hợp giữa thuốc và thức ăn 
245 0 |c  Hải Ngọc 
260 |b  Nxb. Hà Nội 
260 |c  2008 
650 |a  Thuốc;  
927 |a Sách 
980 |a Trung tâm Thư viện - Trường Đại học Công nghiệp TP. Hồ Chí Minh